000 00504nam a2200181 i 4500
001 45492
003 ES-MaACL
005 20250916063036.0
007 t|
008 030326s1849 sp ||||1| spa d
100 1 _aColl y Vehí, José,
_d1823-1876
_939647
245 1 0 _aPrograma de retórica y poética /
_cJosé Coll y Vehi.
260 _aMadrid :
_b[s.n.],
_c1849.
650 0 4 _aRetórica.
_916882
650 0 4 _aPoética.
_916254
852 _aES-MaACL
_jT-700-F-2
999 _c45492
_d45492